
Library Catalogue

| 000 -LEADER | |
|---|---|
| fixed length control field | 00446nam a2200157Ia 4500 |
| 008 - FIXED-LENGTH DATA ELEMENTS--GENERAL INFORMATION | |
| fixed length control field | 160316s1992 xxu||||| |||| 00| 0 eng d |
| 082 ## - DEWEY DECIMAL CLASSIFICATION NUMBER | |
| Classification number | 370.092000 |
| Item number | RAD |
| 100 ## - MAIN ENTRY--PERSONAL NAME | |
| Personal name | Radhakrishnan N |
| 245 ## - TITLE STATEMENT | |
| Title | Daisakui Ikeda : The man and his mission |
| 250 ## - EDITION STATEMENT | |
| Edition statement | |
| 260 ## - PUBLICATION, DISTRIBUTION, ETC. | |
| Place of publication, distribution, etc. | Trivendram |
| Name of publisher, distributor, etc. | National Centre for Development Education |
| Date of publication, distribution, etc. | 1992 |
| 300 ## - PHYSICAL DESCRIPTION | |
| Extent | 154p. |
| Other physical details | 20 cm |
| Dimensions | vii |
| 365 ## - TRADE PRICE | |
| Price amount | Rs.200/- |
| 650 ## - SUBJECT ADDED ENTRY--TOPICAL TERM | |
| Topical term or geographic name entry element | 1.Ikeda Daisakul - Biography |
| 700 ## - ADDED ENTRY--PERSONAL NAME | |
| Personal name | |
| -- | |
| Withdrawn status | Lost status | Damaged status | Not for loan | Home library | Current library | Shelving location | Date acquired | Cost, normal purchase price | Total Checkouts | Full call number | Barcode | Date last seen | Price effective from | Koha item type |
|---|---|---|---|---|---|---|---|---|---|---|---|---|---|---|
| . | . | Library Compactors | 30.05.2017 | 200.00 | 370.092 RAD | 5557 | 30.05.2017 | 30.05.2017 | BOOKs |